Small and Medium Enterprises and Their Role in the Innovative Environment of the Bratislava Region

Salvato in:
Dettagli Bibliografici
Autore principale: Gašparíková, Jana
Altri autori: Buček, Milan, Rehák, Štefan, 1974-
Natura: Capitolo di libro
Lingua:inglese
Tags: Aggiungi Tag
Nessun Tag, puoi essere il primo ad aggiungerne!!

MARC

LEADER 00000naa$a2200000$$$4500
001 0126457
005 20250707071144.9
041 0 |a eng 
044 |a GB 
245 1 0 |a Small and Medium Enterprises and Their Role in the Innovative Environment of the Bratislava Region  |c Jana Gašparíková, Milan Buček, Štefan Rehák 
100 1 |a Gašparíková, Jana 
700 1 |a Buček, Milan 
700 1 |a Rehák, Štefan, 1974-